000 00548nam a2200145Ia 4500
008 090122s9999 xx 000 0 und d
082 _b6062
_a808.899282
100 _aगवाणकर
_bविणा
245 _aसर्पतज्ञ डॉ रेमंड डिटमार्स
600 _aगवाणकर
630 _aसर्पतज्ञ डॉ रेमंड डिटमार्स
700 _aगवाणकर
730 _aसर्पतज्ञ डॉ रेमंड डिटमार्स
942 _cBOOK
999 _c30139
_d30139